[Event "Muensterland Verbandsklasse playoff 5-8"]
[Site "Germany"]
[Date "2023.04.22"]
[Round "2.2"]
[White "Holtmannspoetter, Michael"]
[Black "Steverding, Tim"]
[Result "0-1"]
[WhiteElo "1658"]
[BlackElo "1627"]
[PlyCount "82"]
[EventDate "2023.03.11"]
[EventType "team-k.o."]
[EventRounds "2"]
[EventCountry "GER"]
[SourceTitle "EXT 2024"]
[Source "ChessBase"]
[SourceDate "2023.10.10"]
[SourceVersion "1"]
[SourceVersionDate "2023.10.10"]
[SourceQuality "1"]
[WhiteTeam "Reckenfeld"]
[BlackTeam "Bocholt II"]
[WhiteTeamCountry "GER"]
[BlackTeamCountry "GER"]

1. e4 c6 2. d4 d5 3. Nd2 dxe4 4. Nxe4 Bf5 5. Ng3 Bg6 6. Nf3 Nd7 7. Bd3 Bxd3 8. Qxd3 e6 9. 0-0 Ngf6 10. c4 Be7 11. Bf4 0-0 12. Rfd1 a5 13. a3 Re8 14. Rab1 Nf8 15. Ne5 Ng6 16. Nxg6 hxg6 17. Qb3 Bd6 18. Bg5 Qc7 19. Qf3 Nh7 20. Bd2 Nf6 21. h3 a4 22. Ne4 Nxe4 23. Qxe4 Red8 24. c5 Be7 25. b4 axb3 26. Rxb3 Bf6 27. Bf4 e5 28. Bg3 Qe7 29. Qb1 Rxd4 30. Rxd4 exd4 31. Bd6 Qe6 32. Rxb7 Rxa3 33. Rc7 Rb3 34. Qa1 d3 35. Qa8+ Kh7 36. Rc8 Qe1+ 37. Kh2 g5 38. Rh8+ Kg6 39. Qg8 Be5+ 40. Bxe5 Qxe5+ 41. g3 Rb2 0-1

[Event "Muensterland Verbandsklasse 1920"]
[Site "Germany"]
[Date "2020.02.29"]
[Round "7.3"]
[White "Fuhrmann, Andreas"]
[Black "Holtmannspoetter, Michael"]
[Result "1-0"]
[WhiteElo "1651"]
[BlackElo "1602"]
[PlyCount "41"]
[EventDate "2019.09.14"]
[EventType "team-tourn"]
[EventRounds "7"]
[EventCountry "GER"]
[SourceTitle "EXT 2023"]
[Source "ChessBase"]
[SourceDate "2022.10.05"]
[SourceVersion "1"]
[SourceVersionDate "2022.10.05"]
[SourceQuality "1"]
[WhiteTeam "Emsdetten Rochade III"]
[BlackTeam "Reckenfeld"]
[WhiteTeamCountry "GER"]
[BlackTeamCountry "GER"]

1. Nf3 Nf6 2. c4 c5 3. g3 g6 4. Bg2 Bg7 5. 0-0 Nc6 6. d4 cxd4 7. Nxd4 0-0 8. Nc3 a6 9. c5 Re8 10. Nb3 Qc7 11. Bf4 e5 12. Bg5 h6 13. Bxf6 Bxf6 14. Ne4 Be7 15. Qd2 Kh7 16. Rac1 Rb8 17. Rfd1 b6 18. Nd6 Bxd6 19. cxd6 Qd8 20. Bxc6 dxc6 21. d7 1-0

[Event "Muensterland Verbandsklasse 1920"]
[Site "Germany"]
[Date "2019.09.14"]
[Round "1.3"]
[White "Horstmann, Michael"]
[Black "Holtmannspoetter, Michael"]
[Result "1/2-1/2"]
[WhiteElo "1685"]
[BlackElo "1602"]
[PlyCount "78"]
[EventDate "2019.09.14"]
[EventType "team-tourn"]
[EventRounds "7"]
[EventCountry "GER"]
[SourceTitle "EXT 2023"]
[Source "ChessBase"]
[SourceDate "2022.10.05"]
[SourceVersion "1"]
[SourceVersionDate "2022.10.05"]
[SourceQuality "1"]
[WhiteTeam "Rheine Klein Berlin II"]
[BlackTeam "Reckenfeld"]
[WhiteTeamCountry "GER"]
[BlackTeamCountry "GER"]

1. c4 e5 2. Nc3 Nf6 3. Nf3 Nc6 4. g3 g6 5. Bg2 Bg7 6. 0-0 0-0 7. d3 d6 8. Rb1 Be6 9. b4 a6 10. a4 Rb8 11. b5 Ne7 12. Ba3 Re8 13. Qc2 a5 14. Rfc1 Nd7 15. Nd2 f5 16. Nd5 b6 17. Nb3 Nf6 18. Nxf6+ Bxf6 19. Bb2 Rf8 20. Rd1 Qc8 21. Rbc1 Bg5 22. Rb1 c6 23. bxc6 Nxc6 24. Ba3 Rd8 25. e3 Ne7 26. Bb2 Rf8 27. f4 Bf6 28. Qe2 Bd7 29. c5 bxc5 30. Nxa5 Bxa4 31. Rdc1 Qa6 32. Bc3 Rxb1 33. Rxb1 Bb5 34. Bb7 Qb6 35. Qb2 c4 36. d4 exd4 37. Bxd4 Bxd4 38. exd4 Qxa5 39. Qxb5 Qc3 1/2-1/2

[Event "Steinfurt Bezirksliga 1819"]
[Site "Germany"]
[Date "2019.02.16"]
[Round "7.7"]
[White "Mueller, Johanna Franziska"]
[Black "Holtmannspoetter, Michael"]
[Result "0-1"]
[WhiteElo "1482"]
[BlackElo "1609"]
[PlyCount "62"]
[EventDate "2018.09.01"]
[EventType "team-tourn"]
[EventRounds "10"]
[EventCountry "GER"]
[SourceTitle "EXT 2020"]
[Source "ChessBase"]
[SourceDate "2019.10.17"]
[SourceVersion "1"]
[SourceVersionDate "2019.10.17"]
[SourceQuality "1"]
[WhiteTeam "Emsdetten Rochade IV"]
[BlackTeam "Reckenfeld"]
[WhiteTeamCountry "GER"]
[BlackTeamCountry "GER"]

1. e4 c5 2. Nf3 Nc6 3. Bc4 d6 4. h3 Nf6 5. Nc3 e6 6. d3 Be7 7. 0-0 0-0 8. Ne2 a6 9. a4 Rb8 10. Ng3 b5 11. axb5 axb5 12. Ba2 d5 13. Bf4 Rb7 14. Qe2 Nb4 15. c3 dxe4 16. dxe4 Nd3 17. Be3 c4 18. Rfd1 Qc7 19. Nd4 Bd6 20. Nf1 Nxe4 21. Bb1 Ndc5 22. Bh6 f5 23. Bxe4 Nxe4 24. Nxe6 Bxe6 25. f3 Nc5 26. Be3 Bf7 27. Kh1 Re8 28. Qc2 Nd3 29. Bd4 Bc5 30. Bxc5 Qxc5 31. b4 Qb6 0-1

[Event "Steinfurt Bezirksliga 1819"]
[Site "Germany"]
[Date "2019.01.26"]
[Round "6.7"]
[White "Huil, Herbert"]
[Black "Holtmannspoetter, Michael"]
[Result "0-1"]
[WhiteElo "1189"]
[BlackElo "1609"]
[PlyCount "76"]
[EventDate "2018.09.01"]
[EventType "team-tourn"]
[EventRounds "10"]
[EventCountry "GER"]
[SourceTitle "EXT 2020"]
[Source "ChessBase"]
[SourceDate "2019.10.17"]
[SourceVersion "1"]
[SourceVersionDate "2019.10.17"]
[SourceQuality "1"]
[WhiteTeam "Ibbenbueren II"]
[BlackTeam "Reckenfeld"]
[WhiteTeamCountry "GER"]
[BlackTeamCountry "GER"]

1. e4 c5 2. Nf3 Nc6 3. c3 d6 4. d3 g6 5. Be2 Bg7 6. Be3 Nf6 7. 0-0 0-0 8. d4 cxd4 9. Nxd4 Nxe4 10. Nxc6 bxc6 11. Qa4 Nf6 12. Qxc6 Rb8 13. b4 a5 14. b5 Bb7 15. Qb6 Qxb6 16. Bxb6 Bxg2 17. Kxg2 Rxb6 18. a4 Nd5 19. Ra3 Nf4+ 20. Kf3 Nxe2 21. Kxe2 Rc8 22. Rc1 d5 23. Rc2 Be5 24. h3 Re6 25. Kd3 Bc7 26. Nd2 Bb6 27. Nb3 Rf6 28. Nd4 e5 29. Nc6 Re8 30. c4 Rf3+ 31. Ke2 Rxa3 32. c5 Bc7 33. b6 Bb8 34. Nxa5 Rxa4 35. Nb7 Rc4 36. Ra2 Re7 37. Nd8 Rxc5 38. b7 Rd7 0-1

[Event "Steinfurt Bezirksliga 1617"]
[Site "Germany"]
[Date "2017.02.11"]
[Round "6.7"]
[White "Hartmann, Viktor"]
[Black "Holtmannspoetter, Michael"]
[Result "0-1"]
[WhiteElo "1663"]
[BlackElo "1602"]
[PlyCount "83"]
[EventDate "2016.09.24"]
[EventType "team"]
[EventRounds "9"]
[EventCountry "GER"]
[SourceTitle "EXT 2018"]
[Source "ChessBase"]
[SourceDate "2017.10.13"]
[SourceVersion "1"]
[SourceVersionDate "2017.10.13"]
[SourceQuality "1"]
[WhiteTeam "Ibbenbueren"]
[BlackTeam "Reckenfeld"]
[WhiteTeamCountry "GER"]
[BlackTeamCountry "GER"]

1. d4 d5 2. c4 c6 3. c5 Nf6 4. b4 g6 5. Nf3 Bg7 6. h3 Nbd7 7. Bf4 0-0 8. e3 b6 9. Nbd2 Re8 10. Nb3 Ne4 11. Rc1 Bb7 12. Be2 e5 13. dxe5 Nxe5 14. Nxe5 Bxe5 15. Bxe5 Rxe5 16. 0-0 Qh4 17. Nd4 Ng5 18. Bg4 Re4 19. f4 Ne6 20. Nxe6 fxe6 21. Qd2 b5 22. Rce1 a5 23. a3 axb4 24. axb4 Qf6 25. Be2 Ra4 26. Rb1 d4 27. Bd1 dxe3 28. Qd3 Raxb4 29. Rxb4 Rxb4 30. Qxe3 Qd4 31. Re1 Kf7 32. Bg4 Bc8 33. g3 Qxe3+ 34. Rxe3 Rc4 35. Ra3 Ra4 36. Rd3 Ke7 37. Bf3 Bd7 38. Rd6 Ra6 39. Be2 Ra1+ 40. Kf2 Rc1 41. Ke3 Rxc5 42. g4 0-1

[Event "Steinfurt Bezirksliga 1516"]
[Site "Germany"]
[Date "2015.09.19"]
[Round "1.6"]
[White "Holtmannspoetter, Michael"]
[Black "Thomann, Henning"]
[Result "1-0"]
[WhiteElo "1591"]
[BlackElo "1149"]
[PlyCount "49"]
[EventDate "2015.09.19"]
[EventType "team-tourn"]
[EventRounds "9"]
[EventCountry "GER"]
[SourceTitle "EXT 2017"]
[Source "ChessBase"]
[SourceDate "2016.10.25"]
[SourceVersion "1"]
[SourceVersionDate "2016.10.25"]
[SourceQuality "1"]
[WhiteTeam "Reckenfeld"]
[BlackTeam "Neuenkirchen II"]
[WhiteTeamCountry "GER"]
[BlackTeamCountry "GER"]

1. e4 e5 2. Nf3 Nc6 3. c3 Nf6 4. Qc2 Be7 5. a3 d6 6. h3 b6 7. d4 exd4 8. cxd4 Nb8 9. Bd3 d5 10. e5 Ne4 11. Bxe4 dxe4 12. Qxe4 c6 13. Nc3 Bb7 14. 0-0 0-0 15. Qg4 Re8 16. Rd1 Na6 17. Ne4 Qc8 18. Qh5 g6 19. Qh6 f6 20. Nxf6+ Bxf6 21. exf6 Qc7 22. Ng5 Rf8 23. Ne6 Qf7 24. Nxf8 Rxf8 25. Bg5 1-0

[Event "Muensterland Verbandsklasse-B 1112"]
[Site "Germany"]
[Date "2012.01.14"]
[Round "5.7"]
[White "Holtmannspoetter, Michael"]
[Black "Kloster, Daniel"]
[Result "1/2-1/2"]
[WhiteElo "1603"]
[BlackElo "1593"]
[PlyCount "49"]
[EventDate "2011.09.17"]
[EventType "team-tourn"]
[EventRounds "9"]
[EventCountry "GER"]
[SourceTitle "EXT 2013"]
[Source "ChessBase"]
[SourceDate "2012.11.22"]
[SourceVersion "1"]
[SourceVersionDate "2012.11.22"]
[SourceQuality "1"]
[WhiteTeam "Reckenfeld"]
[BlackTeam "Stadtlohn"]
[WhiteTeamCountry "GER"]
[BlackTeamCountry "GER"]

1. e4 e6 2. d4 d5 3. exd5 exd5 4. Nf3 Nf6 5. Be2 Bf5 6. 0-0 Bd6 7. Re1 0-0 8. Bg5 Nbd7 9. Nbd2 c6 10. h3 Qb6 11. Qc1 h6 12. Be3 Qc7 13. a3 Rfe8 14. Nf1 Re6 15. b3 Ree8 16. Nh4 Be4 17. Bf3 Bxf3 18. Nxf3 b6 19. Nh4 Nh5 20. Nf5 Bf4 21. Qd1 Bxe3 22. N1xe3 Nhf6 23. Qf3 Re6 24. Ng4 Rae8 25. Re3 1/2-1/2

[Event "Steinfurt Bezirksliga 1011"]
[Site "Germany"]
[Date "2011.04.16"]
[Round "8.6"]
[White "Lardinois, Wouter"]
[Black "Holtmannspoetter, Michael"]
[Result "0-1"]
[WhiteElo "1591"]
[BlackElo "1613"]
[PlyCount "56"]
[EventDate "2010.10.02"]
[EventType "team-tourn"]
[EventRounds "9"]
[EventCountry "GER"]
[SourceTitle "EXT 2012"]
[Source "ChessBase"]
[SourceDate "2011.11.24"]
[SourceVersion "1"]
[SourceVersionDate "2011.11.24"]
[SourceQuality "1"]
[WhiteTeam "Emsdetten Rochade III"]
[BlackTeam "Reckenfeld"]
[WhiteTeamCountry "GER"]
[BlackTeamCountry "GER"]

1. e4 c5 2. Nc3 Nc6 3. f4 e6 4. Bb5 Nd4 5. d3 a6 6. Bc4 b5 7. Bb3 Qh4+ 8. g3 Qd8 9. Nf3 Nxb3 10. axb3 Bb7 11. 0-0 Be7 12. Bd2 Nf6 13. e5 Ng4 14. Ng5 h5 15. Nce4 d5 16. exd6 Bxd6 17. f5 e5 18. Qf3 Rb8 19. f6 g6 20. Rxa6 Bxa6 21. Nxf7 Kxf7 22. Ng5+ Ke8 23. Ne6 Qb6 24. f7+ Kd7 25. Qd5 Bb7 26. f8Q Rhxf8 27. Nxf8+ Rxf8 28. Rxf8 Bxd5 0-1

[Event "Steinfurt Bezirksliga 0809"]
[Site "Germany"]
[Date "2008.11.22"]
[Round "3.8"]
[White "Puke, Carolin"]
[Black "Holtmannspoetter, Michael"]
[Result "1-0"]
[WhiteElo "1559"]
[BlackElo "1643"]
[PlyCount "43"]
[EventDate "2008.09.27"]
[EventType "team-tourn"]
[EventRounds "9"]
[EventCountry "GER"]
[SourceTitle "EXT 2010"]
[Source "ChessBase"]
[SourceDate "2010.11.25"]
[SourceVersion "1"]
[SourceVersionDate "2010.11.25"]
[SourceQuality "1"]
[WhiteTeam "Steinfurt II"]
[BlackTeam "Reckenfeld"]
[WhiteTeamCountry "GER"]
[BlackTeamCountry "GER"]

1. e4 c5 2. Nf3 Nc6 3. Bc4 d6 4. Ng5 e6 5. d3 Nf6 6. f4 Be7 7. Nc3 h6 8. Nf3 a6 9. a3 0-0 10. 0-0 Qc7 11. Qe1 Rd8 12. Ba2 d5 13. e5 Nd7 14. Qg3 Kh7 15. Qh3 f6 16. exf6 Nxf6 17. Qg3 Bd6 18. Qh4 Nd4 19. Nxd4 cxd4 20. Ne2 Qxc2 21. Nxd4 Qxd3 22. Bb1 1-0

[Event "Steinfurt Bezirksliga 0809"]
[Site "Germany"]
[Date "2008.09.27"]
[Round "1.7"]
[White "Westers, Stefan"]
[Black "Holtmannspoetter, Michael"]
[Result "1/2-1/2"]
[WhiteElo "1156"]
[BlackElo "1643"]
[PlyCount "30"]
[EventDate "2008.09.27"]
[EventType "team-tourn"]
[EventRounds "9"]
[EventCountry "GER"]
[SourceTitle "EXT 2010"]
[Source "ChessBase"]
[SourceDate "2010.11.25"]
[SourceVersion "1"]
[SourceVersionDate "2010.11.25"]
[SourceQuality "1"]
[WhiteTeam "Emsdetten Turm III"]
[BlackTeam "Reckenfeld"]
[WhiteTeamCountry "GER"]
[BlackTeamCountry "GER"]

1. e4 c5 2. Nf3 Nc6 3. Bb5 e6 4. Bxc6 bxc6 5. d3 Be7 6. Be3 d5 7. 0-0 Ba6 8. Re1 Nf6 9. Bg5 0-0 10. e5 Nd7 11. Bxe7 Qxe7 12. Nbd2 f6 13. exf6 Qxf6 14. b3 Rfe8 15. c4 h6 1/2-1/2

[Event "Steinfurt Bezirksliga 0708"]
[Site "Germany"]
[Date "2008.05.10"]
[Round "9.1"]
[White "Holtmannspoetter, Michael"]
[Black "Guennigmann, Stefan"]
[Result "1/2-1/2"]
[WhiteElo "1640"]
[BlackElo "1773"]
[PlyCount "50"]
[EventDate "2007.09.22"]
[EventType "team-tourn"]
[EventRounds "9"]
[EventCountry "GER"]
[SourceTitle "EXT 2009"]
[Source "ChessBase"]
[SourceDate "2008.11.26"]
[SourceVersion "1"]
[SourceVersionDate "2008.11.26"]
[SourceQuality "1"]
[WhiteTeam "Reckenfeld"]
[BlackTeam "Saerbeck II"]
[WhiteTeamCountry "GER"]
[BlackTeamCountry "GER"]

1. e4 d5 2. exd5 Nf6 3. Nc3 g6 4. Bc4 Bg7 5. Nge2 Nbd7 6. d3 a6 7. a3 b5 8. Ba2 Nb6 9. Nf4 Bb7 10. 0-0 0-0 11. Re1 Re8 12. Re2 Nbxd5 13. Nfxd5 Nxd5 14. Nxd5 Bxd5 15. Bxd5 Qxd5 16. c3 Rad8 17. Re3 e5 18. h3 Bh6 19. Rg3 Bxc1 20. Qxc1 e4 21. dxe4 Rxe4 22. Re3 Rxe3 23. Qxe3 Qd2 24. Qe7 Qd6 25. Qe3 Qd2 1/2-1/2